Birds

Bibliographic Details
Main Author: Andrews, John
Format: Book
Published: s.l : Optimum Books , 1983
Subjects:

MARC

LEADER 00000cam a2200000 7i4500
001 0000008756
002 000009548
005 20000330.0
020 |a 060035623X 
090 0 0 |a J 598   |b AND 
100 1 |a Andrews, John 
245 1 0 |a Birds   |c John Andrews 
260 |a s.l :   |b Optimum Books ,   |c 1983 
300 |a 80 p. ;   |c 32 cm. 
650 0 0 |a Birds of prey   |x Juvenile literature 
999 |a 0002852   |b BUKU   |c PINJAMAN   |e PERPUSTAKAAN KOMUNITI PETALING JAYA